Tự học thiết kế mẫu hấp dẫn trong CorelDRAW X5
Sách hướng dẫn bạn tự học với chương trình CorelDRAW X5 để tạo được những mẫu thiết kế ấn tượng. Sách gồm 6 phần, phần 1giới thiệu CorelDraw Graphics Suite X5, phần 2 nói về khởi đầu CorelDraw X5, phần 3 trình bày về làm việc với màu,...
Αποθηκεύτηκε σε:
| Κύριος συγγραφέας: | |
|---|---|
| Μορφή: | Βιβλίο |
| Γλώσσα: | Undetermined |
| Έκδοση: |
Thành phố Hồ Chí Minh
Hồng Đức
2011
|
| Θέματα: | |
| Ετικέτες: |
Προσθήκη ετικέτας
Δεν υπάρχουν, Καταχωρήστε ετικέτα πρώτοι!
|
| Thư viện lưu trữ: | Trung tâm Học liệu Trường Đại học Cần Thơ |
|---|
| LEADER | 01342nam a2200217Ia 4500 | ||
|---|---|---|---|
| 001 | CTU_174145 | ||
| 008 | 210402s9999 xx 000 0 und d | ||
| 020 | |c 60000 | ||
| 082 | |a 006.686 | ||
| 082 | |b A105 | ||
| 100 | |a Nguyễn, Việt An | ||
| 245 | 0 | |a Tự học thiết kế mẫu hấp dẫn trong CorelDRAW X5 | |
| 245 | 0 | |c Nguyễn Việt An và nhóm tin học thực dụng | |
| 260 | |a Thành phố Hồ Chí Minh | ||
| 260 | |b Hồng Đức | ||
| 260 | |c 2011 | ||
| 520 | |a Sách hướng dẫn bạn tự học với chương trình CorelDRAW X5 để tạo được những mẫu thiết kế ấn tượng. Sách gồm 6 phần, phần 1giới thiệu CorelDraw Graphics Suite X5, phần 2 nói về khởi đầu CorelDraw X5, phần 3 trình bày về làm việc với màu, phần 4 là các kỹ thuật và thủ thuật, phần 5 trình bày về những hướng dẫn sâu sắc từ các chuyên gia, phần 6 hướng dẫn về nội dung kỹ thuật số : | ||
| 650 | |a Computer graphics,Đồ họa máy tính | ||
| 650 | |x Computer programs,Chương trình máy tính | ||
| 904 | |i Giàu,Hải | ||
| 980 | |a Trung tâm Học liệu Trường Đại học Cần Thơ | ||